Szczegóły MARC21

Drohnenland /

001 -Numer kontrolny rekordu [,]
    • @
    • pole kontrolne
    • xx005482714
003 -Nazwa instytucji [,]
    • @
    • pole kontrolne
    • NUKAT
005 -Data i czas ostatniej zmiany [,]
    • @
    • Data ostatniej zmiany
    • 20241231111702.0
007 -Forma fizyczna dokumentu dźwiękowego [,]
    • @
    • Forma fizyczna dokumentu dźwiękowego
    • sd fsngnn|||ed
008 -Pole stałej długości [,]
    • @
    • pole
    • 230110s2014 sz nnnng f n ger c
020 -Międzynarodowy znormalizowany numer książki - ISBN [ , ]
    • a
    • Numer ISBN
    • 9783868048148 Find
035 -Inne numery kontrolne [ , ]
    • a
    • Numer kontrolny
    • (OCoLC)1369082589
040 -Instytucja sporządzająca opis [ , ]
    • c
    • Instytucja, która sporządziła rekord (NP)
    • SZCZ U/MCs
920 -ISBN [ , ]
    • a
    • ISBN
    • 978-3-86804-814-8 Find
942 -Rodzaj dokumentu [ , ]
    • c
    • Rodzaj dokumentu
    • Dokument Dźwiękowy - płyta
100 -Hasło główne - nazwa osobowa [1, ]
    • a
    • Nazwa osobowa (NP)
    • Hillenbrand, Tom
    • d
    • Daty biograficzne (NP)
    • (1972- ).
    • e
    • RRodzaj współpracy
    • Autor
240 -Tytuł ujednolicony [1,0]
    • a
    • Tytuł ujednolicony (NP)
    • Drohnenland
    • l
    • Język tekstu (NP)
    • (niem.)
245 -Strefa tytułu i oznaczenia odpowiedzialności [1,0]
    • a
    • Tytuł
    • Drohnenland /
    • c
    • Pozostałe elementy strefy tytułu i oznaczenia odpowiedzialności (NP)
    • Tom Hillenbrand ; liest Uve Teschner.
260 -Strefa adresu wydawniczego [ , ]
    • a
    • Miejsce wydania (P)
    • Köln :
    • b
    • Nazwa wydawcy (P)
    • Verlag Kiepenheuer & Witsch GmbH ;
    • a
    • Miejsce wydania (P)
    • München :
    • b
    • Nazwa wydawcy (P)
    • Audio Media Verlag GmbH,
    • c
    • Data wydania (P)
    • © 2014.
300 -Strefa opisu fizycznego [ , ]
    • a
    • Określenie formy książki i/lub objętość (NP)
    • 5 płyt CD (363 min.) :
    • b
    • Inne szczegóły opisu fizycznego (NP)
    • digital, stereo ;
    • c
    • Format (NP)
    • 12x12 cm.
306 -Czas nagrania [ , ]
    • a
    • Czas nagrania
    • 071300
336 -Typ zawartości [ , ]
    • a
    • Termin określający typ nośnika
    • Słowo mówione
    • b
    • Kod określający zawartość
    • spw
    • 2
    • Źródło (termin i kod)
    • rdacontent
337 -Typ mediów [ , ]
    • a
    • Tryb odtwarzania
    • Audio
    • b
    • Kod typu nośnika
    • s
    • 2
    • Źródło (termin i kod)
    • rdamedia
338 -Typ/rodzaj nośnika [ , ]
    • a
    • Hasło opisujące typ nośnika
    • Płyta audio
    • b
    • Kod typu nośnika
    • sd
    • 2
    • Źródło (termin i kod)
    • rdacarrier
500 -Uwaga ogólna [ , ]
    • a
    • Uwaga ogólna (NP)
    • Gekürzte Lesung.
655 -Hasło przedmiotowe - forma [ ,7]
    • a
    • Określenie rzeczowe
    • Powieść niemiecka
    • y
    • Określnik chronologiczny
    • 1990-.
655 -Hasło przedmiotowe - forma [ ,7]
    • a
    • Określenie rzeczowe
    • Książki mówione
    • z
    • Określnik geograficzny
    • Niemcy
    • y
    • Określnik chronologiczny
    • 1990-.
700 -Hasło dodatkowe - nazwa osobowa [1, ]
    • a
    • Nazwa osobowa (NP)
    • Teschner, Uve
    • d
    • Daty biograficzne (NP)
    • (1973- ).
    • e
    • Określenie rodzaju współpracy (NP)
    • Wykonanie
710 -Hasło dodatkowe - nazwa ciała zbiorowego [2, ]
    • a
    • Nazwa ciała zbiorowego lub nazwa geograficzna jako pierwszy element (NP)
    • Verlag Kiepenheuer & Witsch.
    • e
    • Rodzaj współpracy
    • Produkcja
    • e
    • Rodzaj współpracy
    • Wydawca
    • 9
    • KHW
    • 78681
710 -Hasło dodatkowe - nazwa ciała zbiorowego [2, ]
    • a
    • Nazwa ciała zbiorowego lub nazwa geograficzna jako pierwszy element (NP)
    • Audio Media Verlag (Monachium).
    • e
    • Rodzaj współpracy
    • Wydawca
    • 9
    • KHW
    • 665672
Sposób nabycia Kierowanie Data inwentaryzacji Numer inwentarzowy Cena Status udostępniania Akcesja Sygnatura Data wprowadzenia opisu Kod kreskowy
dBM2023-02-14Ad.301310.00-322d092/6Germ. Audiobooki 792022-02-022005020030134